Devine la chanson #7 - Statistiques

Statistiques générales
  • Ce quiz a été pris 115 fois
  • Le résultat moyen est 59 sur 143
Statistiques - réponses
Paroles % Correct
à
97%
je
95%
Je
95%
tu
88%
Tu
88%
un
85%
de
84%
Il
83%
Me
80%
que
79%
une
77%
te
76%
pour
72%
Mon
70%
ne
69%
pas
67%
ou
66%
Mais
65%
amour
62%
mes
62%
moi
61%
suis
61%
toi
58%
au
56%
Ton
55%
veux
52%
peu
49%
si
49%
cœur
47%
dire
44%
Sous
44%
as
37%
faut
35%
Avoir
32%
aux
31%
sais
29%
Comment
26%
bien
24%
yeux
23%
nos
22%
adieu
20%
Comment te dire adieu
20%
aucun
19%
Françoise Hardy
18%
n'a
17%
prend
16%
chance
15%
feu
15%
prétexte
15%
mieux
14%
saurais
13%
silex
13%
malheureux
12%
nuits
12%
Kleenex
11%
qu'un
11%
ex
10%
m'expliques
10%
pyrex
10%
résiste
10%
Derrière
9%
Devant
9%
réflexes
9%
adieux
8%
mis
8%
perplexe
8%
résoudre
8%
surexposer
8%
vite
8%
plication
7%
vaudrait
7%
l'index
6%
matins
6%
blanches
5%
gris-bleu
5%
Aucun quiz correspondant
Distribution des résultats
% des personnes avec chaque résultat
Percentile par nombre de réponses
Votre historique - résultats
Vous n’avez pas pris ce quiz